00000000cam 2200000zi 4500
0019.947201
003CaOODSP
00520260206114846
006m     o  d f      
007cr mn|||||||||
008250121t20252025onc     o    f000 0 eng d
020 |a9780660753515
040 |aCaOODSP|beng|erda|cCaOODSP
0410 |aeng|bfre
043 |an-cn---
0861 |aCi4-245/2025E-PDF
24500|a2024-25 IRCC online tracking survey : |bfinal report / |cprepared for Immigration, Refugees and Citizenship Canada.
264 1|a[Ottawa] : |bImmigration, Refugees and Citizenship Canada = Immigration, réfugiés et citoyenneté Canada, |c2025.
264 4|c©2025
300 |a1 online resource (10 pages) + |eappendix (28 unnumbered pages) + executive summary (4 pages)
336 |atext|btxt|2rdacontent
337 |acomputer|bc|2rdamedia
338 |aonline resource|bcr|2rdacarrier
500 |aIssued also in French under title: 2024-25 sondage de suivi en ligne d'IRCC : rapport final.
500 |a"Supplier: Leger Marketing Inc."
500 |a"Contract number: CW2375622."
500 |a"Registration number: POR 044-24."
546 |aText chiefly in English; includes some text in French.
650 0|aImmigrants|zCanada|xPublic opinion.
650 0|aRefugees|zCanada|xPublic opinion.
650 0|aImmigrants|xGovernment policy|zCanada|xPublic opinion.
650 0|aRefugees|xGovernment policy|zCanada|xPublic opinion.
650 0|aPublic opinion|zCanada.
651 0|aCanada|xEmigration and immigration|xPublic opinion.
651 0|aCanada|xEmigration and immigration|xGovernment policy|xPublic opinion.
7101 |aCanada. |bImmigration, Refugees and Citizenship Canada, |eissuing body.
7102 |aLéger Marketing, |econsultant.
77508|t2024-25 sondages de suivi en ligne d'IRCC : |w(CaOODSP)9.947202
794 |t2025-26 IRCC online tracking survey : |w(CaOODSP)9.958279
795 |t2023-24 IRCC online tracking surveys : |w(CaOODSP)9.940655
85640|qPDF|s331 KB|uhttps://publications.gc.ca/collections/collection_2025/ircc/Ci4-245-2025-eng.pdf|z(final report)
85640|qPDF|s520 KB|uhttps://publications.gc.ca/collections/collection_2025/ircc/Ci4-245-2025-2.pdf|z(appendix 2)
85640|qPDF|s197 KB|uhttps://publications.gc.ca/collections/collection_2025/ircc/Ci4-245-2025-1-eng.pdf|z(executive summary)
8564 |qHTML|sN/A|uhttps://epe.bac-lac.gc.ca/100/200/301/pwgsc-tpsgc/por-ef/immigration_refugees/2025/044-24-e/044-24-report.html|z(final report)
8564 |qHTML|sN/A|uhttps://epe.bac-lac.gc.ca/100/200/301/pwgsc-tpsgc/por-ef/immigration_refugees/2025/044-24-e/044-24_Instrument_Appendix.htm|z(appendix 2)
8564 |qHTML|sN/A|uhttps://epe.bac-lac.gc.ca/100/200/301/pwgsc-tpsgc/por-ef/immigration_refugees/2025/044-24-e/summary/044-24-summary.html|z(executive summary)
8564 |qHTML|sN/A|uhttps://epe.bac-lac.gc.ca/100/200/301/pwgsc-tpsgc/por-ef/immigration_refugees/2025/044-24-e/index.html|z(complete dataset)